000 00286nam a2200097Ia 4500
008 230915s9999 xx 000 0 und d
050 _aHF5635.S78 2009 V.1
100 _aPATRICIA LIBBY
245 0 _aSTUDY GUIDE VOLUME 1, CHAPTERS 1-12 FOR USE WITH PRINCIPLES OF ACCOUNTING
942 _cBK
999 _c82433
_d82433